| 000 | 00412nam a2200181Ia 4500 | ||
|---|---|---|---|
| 001 | 10650 | ||
| 005 | 20260306161848.0 | ||
| 008 | 260306t1986||||xx |||||||||||||| ||spa|| | ||
| 041 | _aESP | ||
| 082 |
_a946.03 _bE79 |
||
| 100 |
_aEscudero, José A. _eAUT |
||
| 245 | 0 | _aLa inquisición | |
| 260 | _c1986 | ||
| 300 |
_a127 páginas : _c24 cm. |
||
| 650 | _aGEN | ||
| 654 | _aCHU | ||
| 942 |
_cLIB _dJUS _fJUS _2ddc _n |
||
| 999 |
_c10650 _d10650 |
||